Вып. 13 : Элементоорганические соединения. Синтез и исследование мономерных и полимерных соединений кремния, титана, фосфора, алюминия и фтора; Труды Института химии

Opis bibliograficzny
Parent link:Труды Института химии: [сборник трудов]/ Академия наук СССР (АН СССР), Уральский филиал (УФ), Институт химии. Вып. 13 : Элементоорганические соединения. Синтез и исследование мономерных и полимерных соединений кремния, титана, фосфора, алюминия и фтора.— , 1958-
Kolejni autorzy: Лундин Б. Н. (редактор)
Język:rosyjski
Wydane: 1966
Hasła przedmiotowe:
Format: MixedMaterials Książka
KOHA link:https://koha.lib.tpu.ru/cgi-bin/koha/opac-detail.pl?biblionumber=350926

MARC

LEADER 00000nam2a2200000 4500
001 350926
005 20231102010343.0
035 |a (RuTPU)RU\TPU\retro\5306 
035 |a RU\TPU\retro\5289 
090 |a 350926 
100 |a 20190314d1966 k y0rusy50 ca 
101 0 |a rus 
102 |a RU 
105 |a a z 001zy 
200 0 |a Вып. 13 : Элементоорганические соединения. Синтез и исследование мономерных и полимерных соединений кремния, титана, фосфора, алюминия и фтора  |f отв. ред. Б. Н. Лундин 
210 |d 1966 
215 |a 129 с.  |c ил. 
320 |a Библиогр. в конце ст. 
461 1 |0 (RuTPU)RU\TPU\retro\5248  |t Труды Института химии  |o [сборник трудов]  |f Академия наук СССР (АН СССР), Уральский филиал (УФ), Институт химии  |v Вып. 13 : Элементоорганические соединения. Синтез и исследование мономерных и полимерных соединений кремния, титана, фосфора, алюминия и фтора  |d 1958-  
606 1 |a Элементоорганические соединения  |2 stltpush  |3 (RuTPU)RU\TPU\subj\73744  |9 86568 
610 1 |a полимерные соединения 
610 1 |a мономерные соединения 
610 1 |a синтез 
610 1 |a исследование 
610 1 |a инфракрасные спектры 
610 1 |a полимеризация 
675 |a 661.718  |v 4 
702 1 |a Лундин  |b Б. Н.  |4 340 
801 1 |a RU  |b 63413507  |c 20190314 
801 2 |a RU  |b 63413507  |c 20190314  |g RCR 
942 |c BK